Jurisprudence du Conseil d'Etat et du Tribunal des Conflits : tables décennales 1965-1974. Tome 6 : de professions, charges et offices à voirie (Record no. 37099)
[ view plain ]
| 000 -LEADER | |
|---|---|
| fixed length control field | 00652 a2200241 4500 |
| 037 ## - SOURCE OF ACQUISITION | |
| Stock number | De 000615 |
| 020 ## - NUMERO INTERNATIONAL NORMALISE DES LIVRES | |
| International Standard Book Number | 2-222-02016-6 |
| 100 ## - VEDETTE PRINCIPALE - NOM DE PERSONNE | |
| Language of a work | Fr |
| 110 ## - VEDETTE PRINCIPALE - NOM DE COLLECTIVITE | |
| Corporate name or jurisdiction name as entry element | Conseil d'Etat |
| 260 ## - PUBLICATION, DISTRIBUTION, ETC. (IMPRINT) | |
| Place of publication, distribution, etc | Paris |
| 260 ## - PUBLICATION, DISTRIBUTION, ETC. (IMPRINT) | |
| Name of publisher, distributor, etc | CNRS |
| 245 ## - TITLE STATEMENT | |
| Title | Jurisprudence du Conseil d'Etat et du Tribunal des Conflits : tables décennales 1965-1974. Tome 6 : de professions, charges et offices à voirie |
| 260 ## - PUBLICATION, DISTRIBUTION, ETC. (IMPRINT) | |
| Date of publication, distribution, etc | 1976 |
| 300 ## - PHYSICAL DESCRIPTION | |
| Extent | 1143 p. |
| 300 ## - PHYSICAL DESCRIPTION | |
| Other physical details | 22,5c |
| 630 ## - SUBJECT ADDED ENTRY--UNIFORM TITLE | |
| Uniform title | Droit, législation, administration |
| 650 ## - SUBJECT ADDED ENTRY--TOPICAL TERM | |
| Topical term or geographic name as entry element | G |
| 650 ## - SUBJECT ADDED ENTRY--TOPICAL TERM | |
| Topical term or geographic name as entry element | Sécurité Sociale |
| 650 ## - SUBJECT ADDED ENTRY--TOPICAL TERM | |
| Topical term or geographic name as entry element | Juridictions administratives |
| 650 ## - SUBJECT ADDED ENTRY--TOPICAL TERM | |
| Topical term or geographic name as entry element | Actes juridiques |
| Withdrawn status | Lost status | Damaged status | Not for loan | Location (home branch) | Sublocation or collection (holding branch) | Date acquired | Koha issues (times borrowed) | Koha full call number | Koha date last seen | Price effective from | Koha item type |
|---|---|---|---|---|---|---|---|---|---|---|---|
| Bibliothèque Universitaire Centrale | Bibliothèque Universitaire Centrale | 28/02/2009 | 347-998 Con | 28/02/2009 | 28/02/2009 | Livre |